| 000 | 00443cam a2200157ua 4500 | ||
|---|---|---|---|
| 003 | OSt | ||
| 008 | 250610b |||||||| |||| 00| 0 eng d | ||
| 020 | _a0 521 080894 | ||
| 041 | _aeng | ||
| 082 |
_a624.171 _bLOW/CL |
||
| 100 |
_aLowe, P G . _97558 |
||
| 245 | _aClassical theory of structures based on the differential equation, Part 1&2 / | ||
| 260 |
_aCambridge : _bCambridge University Press , _c1971. |
||
| 300 | _a215 ; . | ||
| 942 | _cBK | ||
| 999 |
_c1859 _d1859 |
||